Countries of Famous Brands - Statistics

General Stats
  • This quiz has been taken 135 times
  • The average score is 17 of 20
Answer Stats
Brand / Product Country % Correct
Apple United States
100%
Louis Vuitton France
97%
Huawei China
96%
Mercedes-Benz Germany
95%
Gucci Italy
95%
Sony Japan
95%
Corona Mexico
91%
Zara Spain
91%
Samsung South Korea
87%
Burberry United Kingdom
87%
Tim Hortons Canada
86%
Lego Denmark
85%
Heineken Netherlands
83%
H&M Sweden
83%
Nokia Finland
82%
Billabong Australia
80%
Nescafé Switzerland
80%
Red Bull Austria
77%
Stella Artois Belgium
75%
Pilsner Czech Republic
64%
No matching quizzes found
Score Distribution
Percent of People with Each Score
Percentile by Number Answered
Your Score History
You have not taken this quiz